| Tag |
First Indicator |
Second Indicator |
Subfields |
| LEADER |
00000pam a2200000 i 4500 |
| 001 |
in00000344684 |
| 005 |
20151011055840.0 |
| 008 |
770322s1976 dcua b 00010 eng |
| 010 |
|
|
|a 77004926
|
| 020 |
|
|
|a 0309025710
|
| 035 |
|
|
|a (OCoLC)02874060
|
| 035 |
|
|
|9 ABM4276AM
|
| 040 |
|
|
|a DLC
|c DLC
|d TXA
|d UtOrBLW
|
| 049 |
|
|
|a TXAM
|c [1555392]
|
| 050 |
0 |
0 |
|a TE7
|b .H5 no. 602
|
| 082 |
0 |
|
|a 380.5/08 s
|a 625.8
|
| 245 |
0 |
0 |
|a Pavement design, evaluation, and performance.
|
| 264 |
|
1 |
|a Washington :
|b Transportation Research Board, Commission on Sociotechnical Systems, National Research Council, National Research Council,
|c 1976.
|
| 300 |
|
|
|a iv, 127 pages :
|b illustrations ;
|c 28 cm.
|
| 336 |
|
|
|a text
|b txt
|2 rdacontent
|
| 337 |
|
|
|a unmediated
|b n
|2 rdamedia
|
| 338 |
|
|
|a volume
|b nc
|2 rdacarrier
|
| 490 |
1 |
|
|a Transportation research record ;
|v 602
|
| 504 |
|
|
|a Includes bibliographical references.
|
| 650 |
|
0 |
|a Pavements
|x Design and construction.
|
| 650 |
|
0 |
|a Pavements
|x Testing.
|
| 650 |
|
0 |
|a Motor vehicles
|x Skidding.
|
| 810 |
2 |
|
|a National Research Council (U.S.).
|b Transportation Research Board.
|
| 830 |
|
0 |
|a Transportation research record ;
|v 602.
|
| 999 |
|
|
|a MARS
|
| 999 |
f |
f |
|s 6ad8a638-ef8d-3750-8dea-a3a4939ca08a
|i 50412c4c-30bd-3fa1-9c14-6982b93454c0
|t 0
|
| 952 |
f |
f |
|p ric
|a Texas A&M University
|b Rellis Campus
|c Joint Library Facility
|d Remote Storage
|t 0
|e TE7 .H5 no.602
|h Library of Congress classification
|i unmediated -- volume
|m A14807901296
|
| 998 |
f |
f |
|a TE7 .H5 no.602
|t 0
|l Remote Storage
|